|
|
|
|
| LEADER |
02695cam a2200673 i 4500 |
| 001 |
001379878 |
| 003 |
CZ BrMZK |
| 005 |
20160122085128.0 |
| 006 |
m||||||||d|||||||| |
| 007 |
co cg |
| 008 |
140410s2013 xr e 00| 0 cze |
| 015 |
|
|
|a cnb002521411
|
| 020 |
|
|
|a 978-80-7036-406-2
|q (CDR)
|
| 040 |
|
|
|a BOA001
|b cze
|
| 041 |
0 |
|
|a cze
|a eng
|
| 043 |
|
|
|a a-ja---
|a e-xr---
|b e-xr-pg
|2 czenas
|
| 045 |
|
|
|a u-x-
|
| 072 |
|
7 |
|a 75
|x Malířství
|2 Konspekt
|9 21
|
| 080 |
|
|
|a 75(520)
|2 MRF
|
| 080 |
|
|
|a 75.021.33
|2 MRF
|
| 080 |
|
|
|a 75.047
|2 MRF
|
| 080 |
|
|
|a 76(520)
|2 MRF
|
| 080 |
|
|
|a 761.1
|2 MRF
|
| 080 |
|
|
|a 502.5
|2 MRF
|
| 080 |
|
|
|a 7.04
|2 MRF
|
| 080 |
|
|
|a 72/76:069.5
|2 MRF
|
| 080 |
|
|
|a (520)
|2 MRF
|
| 080 |
|
|
|a (437.311)
|2 MRF
|
| 080 |
|
|
|a (048.8)
|2 MRF
|
| 080 |
|
|
|a (0.034.44)
|2 MRF
|
| 245 |
0 |
0 |
|a Výběr z japonské sbírky
|h [elektronický zdroj] /
|c [Alice Kraemerová, Helena Gaudeková]
|
| 246 |
1 |
|
|i Název na disku:
|a Výběr z japonské sbírky 2013
|
| 260 |
|
|
|a Praha :
|b Národní muzeum,
|c 2013
|
| 300 |
|
|
|a 1 DVD-ROM
|
| 500 |
|
|
|a Název z titulní obrazovky
|
| 500 |
|
|
|a Na obalu: Náprstkovo muzeum asijských, afrických a amerických kultur
|
| 538 |
|
|
|a Požadavky na systém: Word, internetový prohlížeč, IrfanView, Adobe Acrobat Reader
|
| 546 |
|
|
|a Část. anglický text
|
| 648 |
|
7 |
|a 17.-20. století
|7 ch757026
|2 czenas
|
| 650 |
0 |
7 |
|a japonské malířství
|7 ph121301
|y 17.-20. stol.
|2 czenas
|
| 650 |
0 |
7 |
|a malba tuší
|7 ph122578
|z Japonsko
|y 17.-20. stol.
|2 czenas
|
| 650 |
0 |
7 |
|a krajinomalba
|7 ph121926
|z Japonsko
|y 17.-20. stol.
|2 czenas
|
| 650 |
0 |
7 |
|a japonská grafika
|7 ph136958
|y 18.-20. stol.
|2 czenas
|
| 650 |
0 |
7 |
|a dřevořezy
|7 ph135151
|z Japonsko
|y 18.-20. stol.
|2 czenas
|
| 650 |
0 |
7 |
|a krajina
|7 ph115006
|2 czenas
|
| 650 |
0 |
7 |
|a umělecké náměty
|7 ph138227
|2 czenas
|
| 650 |
0 |
7 |
|a umělecké sbírky
|7 ph135222
|z Česko
|2 czenas
|
| 655 |
|
7 |
|a studie
|7 fd133597
|2 czenas
|
| 655 |
|
7 |
|a DVD-ROM
|7 fd451318
|2 czenas
|
| 610 |
2 |
7 |
|a Národní galerie (Praha, Česko).
|b Sbírka orientálního umění
|7 ola2002113649
|2 czenas
|
| 610 |
2 |
7 |
|a Náprstkovo muzeum asijských, afrických a amerických kultur (Praha, Česko)
|7 kn20010724568
|2 czenas
|
| 651 |
|
7 |
|a Praha (Česko)
|7 ge118011
|2 czenas
|
| 700 |
1 |
|
|a Kraemerová, Alice,
|d 1950-
|7 ola2002146268
|4 wfw
|
| 700 |
1 |
|
|a Gaudeková, Helena,
|d 1980-
|7 mzk2011672480
|4 wfw
|
| 710 |
2 |
|
|a Náprstkovo muzeum asijských, afrických a amerických kultur (Praha, Česko)
|7 kn20010724568
|
| 910 |
|
|
|a BOA001
|b CDR2-1324.209
|
| 990 |
|
|
|a BK
|
| 991 |
|
|
|b 201404
|c NOV
|e n
|
| 996 |
6 |
|
|b 2610588000
|c CDR2-1324.209
|l Stud. periodik/2.patro
|r Sklad / do 1 hodiny
|n 0
|p p.v.
|w 001415364
|u 000010
|a 1
|e BOA001
|j MZK50
|s P
|